000 00578nam a2200241 a 4500
001 nice12345678
003 IN_TiNIC
005 20260116012649.0
008 050524s0000 dela grp 000 0 urd
020 _a
_c100
082 0 0 _a491.44
_bNAJ
100 _aNajaf, Ali Khan
245 _aAhsan-Ul-Qawaid
260 _aDelhi
_bMatba Mujtaba
_c0000
300 _a224p
500 _aincludes index and biblioraphy
505 2 _aHebrew Grammar {New Testament}
650 _aUrdu-Grammar
700 1 _aNajaf, Ali Khan
902 _bSRS
942 _cBK
999 _c7863
_d7863